000
00299nam a2200121Ia 4500
008
191201s2016 xx 000 0 und d
100
_a
SHAWKATALI, ABM
245
0
_a
Data Mining Methods and Techniques
260
_b
Cengage Learning
_c
2016
300
_a
299
650
_a
B.Tech(IT)
942
_2
ddc
_c
BK
999
_c
6992
_d
6992